| 000 | 00376nam a22001577a 4500 | ||
|---|---|---|---|
| 003 | MACL | ||
| 005 | 20151120121459.0 | ||
| 008 | 151120b xxu||||| |||| 00| 0 eng d | ||
| 040 | _cMACL | ||
| 041 | _aEnglish | ||
| 082 | _a920/LYE | ||
| 100 |
_aJustice,Iyer V.R.Krishna _917586 |
||
| 245 | _aWandering In Many Worlds | ||
| 650 |
_aAuto biography _914205 |
||
| 942 |
_2ddc _cBK |
||
| 999 |
_c50728 _d50728 |
||